El arte paleolítico en la Península Ibérica / (Record no. 180863)

MARC details
000 -LEADER
campo de control de longitud fija 00935nam a2200265 i 4500
001 - NÚMERO DE CONTROL
campo de control 180863
003 - IDENTIFICADOR DE NÚMERO DE CONTROL
campo de control ES-MaACL
005 - FECHA Y HORA DE LA ÚLTIMA TRANSACCIÓN
campo de control 20251005063135.0
008 - DATOS DE LONGITUD FIJA--INFORMACIÓN GENERAL
campo de control de longitud fija 120723s1991 sp ao |||| | spa d
020 ## - NÚMERO INTERNACIONAL ESTÁNDAR DEL LIBRO
Número Internacional Estándar del Libro 84-7679-199-2
080 ## - NÚMERO DE LA CLASIFICACIÓN DECIMAL UNIVERSAL
Número de la Clasificación Decimal Universal 75.031.1(460)
100 1# - ENTRADA PRINCIPAL--NOMBRE DE PERSONA
Nombre de persona Ripoll Perelló, Eduardo,
Fechas asociadas al nombre 1923-2006
9 (RLIN) 97437
245 13 - MENCIÓN DEL TÍTULO
Título El arte paleolítico en la Península Ibérica /
Mención de responsabilidad, etc. por Eduardo Ripoll Perelló y Sergio Ripoll López.
260 ## - PUBLICACIÓN, DISTRIBUCIÓN, ETC.
Lugar de publicación, distribución, etc. Madrid :
Nombre del editor, distribuidor, etc. Historia Viva,
Fecha de publicación, distribución, etc. [1991]
300 ## - DESCRIPCIÓN FÍSICA
Extensión VIII, 31 p. :
Otras características físicas il. col. y n. ;
Dimensiones 24 cm.
490 1# - MENCIÓN DE SERIE
Mención de serie Cuadernos de arte español ;
Designación de volumen o secuencia 61
504 ## - NOTA DE BIBLIOGRAFÍA, ETC.
Nota de bibliografía, etc. Bibliografía: p. 31.
594 ## - Nota al título y mención de responsabilidad
Nota al título y mención de responsabilidad En cub.: Historia 16.
650 #7 - PUNTO DE ACCESO ADICIONAL DE MATERIA--TÉRMINO DE MATERIA
Término de materia o nombre geográfico como elemento de entrada Pintura rupestre-
Subdivisión geográfica España.
9 (RLIN) 16082
650 04 - PUNTO DE ACCESO ADICIONAL DE MATERIA--TÉRMINO DE MATERIA
Término de materia o nombre geográfico como elemento de entrada Arte prehistórico-
Subdivisión geográfica España.
9 (RLIN) 151265
700 1# - ENTRADA AGREGADA--NOMBRE PERSONAL
Nombre de persona Ripoll López, Sergio.
9 (RLIN) 151144
830 00 - PUNTO DE ACCESO ADICIONAL DE SERIE-TÍTULO UNIFORME
Título uniforme Cuadernos de arte español
Designación de volumen o secuencia 61
9 (RLIN) 191338
852 ## - LOCALIZACIÓN
Ubicación ES-MaACL
Número de control de estantería 2314-F-37
Holdings
Estatus retirado Estado de pérdida Estado de daño No para préstamo Colección Biblioteca de origen Biblioteca actual Ubicación en estantería Fecha de adquisición Fuente de adquisición Total de préstamos Signatura topográfica completa Código de barras Visto por última vez Precio de reemplazo Tipo de ítem Koha
        Colección de folletos Biblioteca del Ateneo de Madrid Biblioteca del Ateneo de Madrid Depósito folletos 23/07/2012     2314-F-37 1190051 23/02/2023 23/02/2023 Folleto